Game of Thrones Nicknames - Statistics

General Stats
  • This quiz has been taken 341 times
    289 since last reset
  • The average score is 25 of 31
Answer Stats
Hint Answer % Correct
The Imp Tyrion Lannister
99%
Mother of Dragons Daenerys Targaryen
98%
Kingslayer Jaime Lannister
97%
Littlefinger Petyr Baelish
95%
The Hound Sandor Clegane
95%
Reek Theon Greyjoy
94%
The Spider Varys
94%
The Young Wolf Robb Stark
93%
The Onion Knight Davos Seaworth
92%
The Mountain Gregor Clegane
90%
The Red Woman Melisandre
90%
Little Dove Sansa Stark
90%
Ned/ The Shy Wolf Eddard Stark
89%
Knight of Flowers Loras Tyrell
89%
The King Beyond the Wall Mance Rayder
89%
The White Wolf Jon Snow
87%
Queen of Thorns Olenna Tyrell
87%
The Mad King Aerys II Targaryen
81%
Giantsbane, Lover of Bears Tormund Giantsbane
81%
The Red Viper Oberyn Martell
80%
_____ of the Blackwater Bronn
79%
___ the Slayer/ Lord Piggy Samwell Tarly
75%
The Old Bear Jeor Mormont
73%
The Beggar King Viserys Targaryen
70%
_______ the Beauty Brienne of Tarth
68%
Cat of the Canals Arya Stark
65%
Blackfish Brynden Tully
63%
_________ the Bold Barristan Selmy
55%
Sword of the Morning Arthur Dayne
54%
Leech Lord Roose Bolton
45%
Crows Eye Euron Greyjoy
41%
No matching quizzes found
Score Distribution
Percent of People with Each Score
Percentile by Number Answered
Your Score History
You have not taken this quiz since the last reset